| 000 | 00709cab a22002175a 4500 | ||
|---|---|---|---|
| 001 | L159528 | ||
| 008 | 170817e2017 xxk 000 0 eng d | ||
| 035 | _a(Sirsi) u159528 | ||
| 041 | 0 | _aeng | |
| 100 | 1 | _ade Silva, Carrie | |
| 245 | 0 | 0 |
_aFirst amongst equals _h[electronic resource] |
| 260 | _c2017 | ||
| 490 |
_aLand Journal _vAugust-September 2017, 24-25(2) |
||
| 520 | _aProfile of Irene Barclay the first woman to qualify as a chartered surveyor in the 1920s and famous for her pioneering work in social housing management in London. | ||
| 650 | 2 | 4 | _aIRENE BARCLAY |
| 650 | 2 | 4 | _aFEMALE SURVEYORS |
| 650 | 2 | 4 | _aDIVERSITY |
| 651 | 4 |
_aUnited Kingdom _y |
|
| 690 | _aResidential | ||
| 942 |
_n0 _2ddc |
||
| 999 |
_c84873 _d84873 |
||